| 000 | 01163nam a2200325 c 4500 | ||
|---|---|---|---|
| 999 |
_c187738 _d187738 |
||
| 003 | BLK | ||
| 005 | 20201215161133.0 | ||
| 008 | 180411b bul|||||r ||||||| ||bul|| | ||
| 010 | _aKNG00196755000 | ||
| 040 | _aBLK | ||
| 041 |
_aBUL _cBUL |
||
| 080 |
_aСлавянски и балтийски езици _b811.16/.17 _z811.16/.17 |
||
| 139 |
_aСлавистичен сборник _bС 43 |
||
| 245 | 1 | 0 |
_aСлавистичен сборник _cред. кол. Кристалина Чолакова. |
| 257 | _aBGR | ||
| 260 |
_bБАН _c1985 |
||
| 300 |
_a188 с. _c24 см |
||
| 380 | _a80 | ||
| 500 | _aИзд. на БАН. Инст. за бълг. ез. - 750 тир. | ||
| 650 | 4 |
_aСлавянски езици _9245181 |
|
| 650 | 4 |
_aСлавянски литератури _9266124 |
|
| 650 | 4 |
_aБългарски език _9246425 |
|
| 700 | 1 |
_aЧолакова, Кристалина _eред. кол. _9369206 |
|
| 852 | _aЦб 135754 | ||
| 856 | 4 | _qpdf | |
| 856 | 4 | _qpdf | |
| 942 |
_cKNG _n0 _01 _s1 |
||
| 944 |
_aCR _c23.11.2016 _kПравда_Бадева |
||
| 944 |
_aED _c23.11.2016 _kПравда_Бадева |
||
| 999 | _d187738 | ||